[Event "DEM U14 2024"]
[Site "Willingen GER"]
[Date "2024.05.20"]
[Round "3"]
[White "Burkart, Lloyd Shang"]
[Black "Goldkuhle, Collin"]
[Result "1/2-1/2"]
[Termination "normal"]
[Board "10"]
[WhiteElo "2168"]
[BlackElo "1909"]
[WhiteClock "00:02:58"]
[BlackClock "00:46:29"]
[PlyCount "54"]
[WhiteFideId "16239059"]
[BlackFideId "16271106"]
[EventCountry "GER"]
[EventRounds "9"]
[EventType "swiss"]
[EventDate "2024.05.18"]

1. c4 {[%clk 01:30:57]} {[%emt 00:00:02]} c5 {[%clk 01:30:40]} {[%emt
00:00:21]} 2. g3 {[%clk 01:30:48]} {[%emt 00:00:38]} Nc6 {[%clk 01:31:03]}
{[%emt 00:00:07]} 3. Bg2 {[%clk 01:28:07]} {[%emt 00:03:11]} g6 {[%clk
01:29:57]} {[%emt 00:01:36]} 4. Nc3 {[%clk 01:26:57]} {[%emt 00:01:40]} Bg7
{[%clk 01:30:20]} {[%emt 00:00:08]} 5. d3 {[%clk 01:26:46]} {[%emt 00:00:40]}
d6 {[%clk 01:29:48]} {[%emt 00:01:02]} 6. a3 {[%clk 01:17:06]} {[%emt
00:10:10]} e5 {[%clk 01:29:52]} {[%emt 00:00:27]} 7. Rb1 {[%clk 01:10:50]}
{[%emt 00:06:46]} a5 {[%clk 01:29:41]} {[%emt 00:00:41]} 8. Nf3 {[%clk
01:10:21]} {[%emt 00:00:58]} Nge7 {[%clk 01:29:56]} {[%emt 00:00:15]} 9. O-O
{[%clk 01:09:02]} {[%emt 00:01:48]} Be6 {[%clk 01:29:52]} {[%emt 00:00:35]} 10.
Ng5 {[%clk 01:03:53]} {[%emt 00:05:39]} Bd7 {[%clk 01:29:42]} {[%emt 00:00:39]}
11. Nd5 {[%clk 01:02:39]} {[%emt 00:01:45]} h6 {[%clk 01:28:46]} {[%emt
00:01:26]} 12. Ne4 {[%clk 01:01:27]} {[%emt 00:01:42]} Nc8 {[%clk 01:26:57]}
{[%emt 00:02:19]} 13. b4 {[%clk 00:56:22]} {[%emt 00:05:35]} axb4 {[%clk
01:23:37]} {[%emt 00:03:50]} 14. axb4 {[%clk 00:56:28]} {[%emt 00:00:24]} cxb4
{[%clk 01:21:25]} {[%emt 00:02:41]} 15. Nxb4 {[%clk 00:55:34]} {[%emt
00:01:24]} Nxb4 {[%clk 01:21:23]} {[%emt 00:00:33]} 16. Rxb4 {[%clk 00:55:57]}
{[%emt 00:00:07]} Bc6 {[%clk 01:21:27]} {[%emt 00:00:26]} 17. Nc3 {[%clk
00:49:38]} {[%emt 00:06:49]} O-O {[%clk 01:16:34]} {[%emt 00:05:23]} 18. Qb3
{[%clk 00:41:17]} {[%emt 00:08:51]} Ne7 {[%clk 01:12:47]} {[%emt 00:04:18]} 19.
Nd5 {[%clk 00:40:20]} {[%emt 00:01:26]} Nf5 {[%clk 01:11:18]} {[%emt 00:01:59]}
20. e3 {[%clk 00:36:55]} {[%emt 00:03:54]} Bh8 {[%clk 01:04:47]} {[%emt
00:07:02]} 21. Bb2 {[%clk 00:36:14]} {[%emt 00:01:11]} Ng7 {[%clk 01:01:32]}
{[%emt 00:03:45]} 22. d4 {[%clk 00:23:51]} {[%emt 00:12:53]} Ne6 {[%clk
00:59:28]} {[%emt 00:02:34]} 23. dxe5 {[%clk 00:23:27]} {[%emt 00:00:54]} dxe5
{[%clk 00:58:48]} {[%emt 00:01:10]} 24. Rd1 {[%clk 00:15:56]} {[%emt 00:08:00]}
Qe8 {[%clk 00:55:32]} {[%emt 00:03:47]} 25. Qc3 {[%clk 00:11:56]} {[%emt
00:04:29]} Kh7 {[%clk 00:52:20]} {[%emt 00:03:43]} 26. h4 {[%clk 00:09:05]}
{[%emt 00:03:21]} Ra7 {[%clk 00:47:44]} {[%emt 00:05:06]} 27. Qd3 {[%clk
00:02:58]} {[%emt 00:06:36]} Nc5 {[%clk 00:46:29]} {[%emt 00:01:45]} 1/2-1/2

[Event "DEM U14 2024"]
[Site "Willingen GER"]
[Date "2024.05.20"]
[Round "3"]
[White "Vranckx, Oscar"]
[Black "Türel, Tugrul"]
[Result "0-1"]
[Termination "normal"]
[Board "11"]
[WhiteElo "1870"]
[BlackElo "2070"]
[WhiteClock "01:29:12"]
[BlackClock "01:24:07"]
[PlyCount "74"]
[WhiteFideId "34608788"]
[BlackFideId "26338408"]
[EventCountry "GER"]
[EventRounds "9"]
[EventType "swiss"]
[EventDate "2024.05.18"]

1. e4 {[%clk 01:30:48]} {[%emt 00:00:11]} e5 {[%clk 01:30:56]} {[%emt
00:00:04]} 2. Nf3 {[%clk 01:31:14]} {[%emt 00:00:04]} Nc6 {[%clk 01:31:23]}
{[%emt 00:00:04]} 3. d4 {[%clk 01:31:36]} {[%emt 00:00:06]} exd4 {[%clk
01:31:50]} {[%emt 00:00:04]} 4. Nxd4 {[%clk 01:31:58]} {[%emt 00:00:08]} Bc5
{[%clk 01:32:19]} {[%emt 00:00:02]} 5. Be3 {[%clk 01:32:18]} {[%emt 00:00:10]}
Qf6 {[%clk 01:32:46]} {[%emt 00:00:03]} 6. c3 {[%clk 01:32:39]} {[%emt
00:00:08]} Nge7 {[%clk 01:33:12]} {[%emt 00:00:03]} 7. Bc4 {[%clk 01:33:04]}
{[%emt 00:00:06]} Ne5 {[%clk 01:33:39]} {[%emt 00:00:03]} 8. Be2 {[%clk
01:33:27]} {[%emt 00:00:06]} Qg6 {[%clk 01:34:04]} {[%emt 00:00:06]} 9. O-O
{[%clk 01:33:51]} {[%emt 00:00:07]} O-O {[%clk 01:34:27]} {[%emt 00:00:07]} 10.
Nd2 {[%clk 01:33:49]} {[%emt 00:00:31]} d5 {[%clk 01:34:52]} {[%emt 00:00:05]}
11. Bh5 {[%clk 01:33:44]} {[%emt 00:00:35]} Qd6 {[%clk 01:34:22]} {[%emt
00:01:01]} 12. f4 {[%clk 01:33:37]} {[%emt 00:00:36]} N5c6 {[%clk 01:34:49]}
{[%emt 00:00:03]} 13. e5 {[%clk 01:33:58]} {[%emt 00:00:10]} Qh6 {[%clk
01:35:15]} {[%emt 00:00:03]} 14. N2b3 {[%clk 01:34:22]} {[%emt 00:00:07]} Bb6
{[%clk 01:34:37]} {[%emt 00:01:08]} 15. Qe2 {[%clk 01:34:45]} {[%emt 00:00:06]}
Nxd4 {[%clk 01:34:05]} {[%emt 00:01:02]} 16. cxd4 {[%clk 01:34:52]} {[%emt
00:00:23]} Nf5 {[%clk 01:33:05]} {[%emt 00:01:30]} 17. Bf2 {[%clk 01:33:44]}
{[%emt 00:01:38]} Qxf4 {[%clk 01:32:14]} {[%emt 00:01:21]} 18. g4 {[%clk
01:32:37]} {[%emt 00:01:37]} Nxd4 {[%clk 01:31:46]} {[%emt 00:00:59]} 19. Bxd4
{[%clk 01:31:26]} {[%emt 00:01:40]} Bxd4+ {[%clk 01:32:11]} {[%emt 00:00:05]}
20. Kh1 {[%clk 01:31:50]} {[%emt 00:00:07]} Qxe5 {[%clk 01:28:23]} {[%emt
00:04:17]} 21. Qd3 {[%clk 01:31:17]} {[%emt 00:01:03]} Qe4+ {[%clk 01:23:19]}
{[%emt 00:05:34]} 22. Qxe4 {[%clk 01:31:39]} {[%emt 00:00:08]} dxe4 {[%clk
01:23:46]} {[%emt 00:00:03]} 23. Nxd4 {[%clk 01:30:54]} {[%emt 00:01:15]} g6
{[%clk 01:24:12]} {[%emt 00:00:04]} 24. Nb5 {[%clk 01:30:52]} {[%emt 00:00:32]}
c6 {[%clk 01:23:31]} {[%emt 00:01:11]} 25. Nd6 {[%clk 01:30:49]} {[%emt
00:00:33]} gxh5 {[%clk 01:23:57]} {[%emt 00:00:05]} 26. gxh5 {[%clk 01:31:17]}
{[%emt 00:00:02]} f5 {[%clk 01:24:19]} {[%emt 00:00:08]} 27. Rg1+ {[%clk
01:31:34]} {[%emt 00:00:13]} Kh8 {[%clk 01:24:38]} {[%emt 00:00:11]} 28. Raf1
{[%clk 01:31:57]} {[%emt 00:00:06]} Be6 {[%clk 01:23:19]} {[%emt 00:01:49]} 29.
Rg5 {[%clk 01:30:42]} {[%emt 00:01:45]} e3 {[%clk 01:23:06]} {[%emt 00:00:44]}
30. Kg1 {[%clk 01:28:44]} {[%emt 00:02:27]} f4 {[%clk 01:22:47]} {[%emt
00:00:48]} 31. Re5 {[%clk 01:27:58]} {[%emt 00:01:17]} Rg8+ {[%clk 01:22:19]}
{[%emt 00:00:58]} 32. Kh1 {[%clk 01:28:11]} {[%emt 00:00:17]} Bd5+ {[%clk
01:22:20]} {[%emt 00:00:30]} 33. Rxd5 {[%clk 01:28:30]} {[%emt 00:00:09]} cxd5
{[%clk 01:22:48]} {[%emt 00:00:03]} 34. Rxf4 {[%clk 01:28:58]} {[%emt
00:00:02]} e2 {[%clk 01:23:09]} {[%emt 00:00:09]} 35. Nf7+ {[%clk 01:28:51]}
{[%emt 00:00:37]} Kg7 {[%clk 01:23:35]} {[%emt 00:00:04]} 36. h6+ {[%clk
01:29:12]} {[%emt 00:00:10]} Kg6 {[%clk 01:23:49]} {[%emt 00:00:16]} 37. Ne5+
{[%clk 01:29:12]} {[%emt 00:00:29]} Kg5 {[%clk 01:24:07]} {[%emt 00:00:10]} 0-1

[Event "DEM U14 2024"]
[Site "Willingen GER"]
[Date "2024.05.20"]
[Round "3"]
[White "Thümler, Floris"]
[Black "Stichter, Constantin Paul"]
[Result "0-1"]
[Termination "normal"]
[Board "12"]
[WhiteElo "1938"]
[BlackElo "2022"]
[WhiteClock "00:38:31"]
[BlackClock "00:10:55"]
[PlyCount "120"]
[WhiteFideId "16296435"]
[BlackFideId "34603140"]
[EventCountry "GER"]
[EventRounds "9"]
[EventType "swiss"]
[EventDate "2024.05.18"]

1. e4 {[%clk 01:30:58]} {[%emt 00:00:01]} c5 {[%clk 01:30:37]} {[%emt
00:00:24]} 2. Nf3 {[%clk 01:31:20]} {[%emt 00:00:06]} e6 {[%clk 01:31:01]}
{[%emt 00:00:07]} 3. c4 {[%clk 01:31:45]} {[%emt 00:00:06]} Nc6 {[%clk
01:31:13]} {[%emt 00:00:17]} 4. Nc3 {[%clk 01:32:03]} {[%emt 00:00:12]} Nd4
{[%clk 01:31:34]} {[%emt 00:00:10]} 5. d3 {[%clk 01:31:15]} {[%emt 00:01:16]}
Ne7 {[%clk 01:30:53]} {[%emt 00:01:12]} 6. Be2 {[%clk 01:24:19]} {[%emt
00:07:26]} Nec6 {[%clk 01:29:03]} {[%emt 00:02:20]} 7. Be3 {[%clk 01:22:53]}
{[%emt 00:01:56]} Be7 {[%clk 01:25:25]} {[%emt 00:04:09]} 8. O-O {[%clk
01:21:20]} {[%emt 00:02:02]} O-O {[%clk 01:24:51]} {[%emt 00:01:05]} 9. Qd2
{[%clk 01:20:55]} {[%emt 00:00:54]} d6 {[%clk 01:24:50]} {[%emt 00:00:31]} 10.
Rfd1 {[%clk 01:20:22]} {[%emt 00:01:02]} a6 {[%clk 01:24:03]} {[%emt 00:01:19]}
11. Rab1 {[%clk 01:18:39]} {[%emt 00:02:13]} Bf6 {[%clk 00:42:30]} {[%emt
00:42:03]} 12. a3 {[%clk 01:11:29]} {[%emt 00:07:39]} Qa5 {[%clk 00:36:19]}
{[%emt 00:06:41]} 13. Rdc1 {[%clk 00:59:06]} {[%emt 00:12:54]} Nb3 {[%clk
00:35:53]} {[%emt 00:00:55]} 14. Qc2 {[%clk 00:56:06]} {[%emt 00:03:30]} Nxc1
{[%clk 00:36:15]} {[%emt 00:00:08]} 15. Qxc1 {[%clk 00:56:24]} {[%emt
00:00:12]} Bxc3 {[%clk 00:17:48]} {[%emt 00:18:57]} 16. bxc3 {[%clk 00:56:15]}
{[%emt 00:00:39]} b5 {[%clk 00:17:47]} {[%emt 00:00:32]} 17. d4 {[%clk
00:55:40]} {[%emt 00:01:05]} bxc4 {[%clk 00:17:31]} {[%emt 00:00:46]} 18. Bxc4
{[%clk 00:55:34]} {[%emt 00:00:35]} cxd4 {[%clk 00:14:46]} {[%emt 00:03:16]}
19. cxd4 {[%clk 00:55:42]} {[%emt 00:00:21]} Bd7 {[%clk 00:14:06]} {[%emt
00:01:10]} 20. Rb7 {[%clk 00:54:49]} {[%emt 00:01:22]} Bc8 {[%clk 00:13:13]}
{[%emt 00:01:25]} 21. Rb1 {[%clk 00:53:41]} {[%emt 00:01:38]} Bd7 {[%clk
00:13:31]} {[%emt 00:00:11]} 22. Rb7 {[%clk 00:53:59]} {[%emt 00:00:11]} Ra7
{[%clk 00:10:13]} {[%emt 00:03:50]} 23. Bd2 {[%clk 00:51:58]} {[%emt 00:02:31]}
Qd8 {[%clk 00:09:37]} {[%emt 00:01:06]} 24. Rxa7 {[%clk 00:51:21]} {[%emt
00:01:06]} Nxa7 {[%clk 00:10:05]} {[%emt 00:00:02]} 25. Bxa6 {[%clk 00:51:41]}
{[%emt 00:00:09]} Qb6 {[%clk 00:10:21]} {[%emt 00:00:15]} 26. Qf1 {[%clk
00:47:29]} {[%emt 00:04:40]} Bb5 {[%clk 00:09:21]} {[%emt 00:01:32]} 27. Bxb5
{[%clk 00:47:50]} {[%emt 00:00:09]} Nxb5 {[%clk 00:09:49]} {[%emt 00:00:02]}
28. Qa1 {[%clk 00:47:19]} {[%emt 00:01:01]} Ra8 {[%clk 00:09:16]} {[%emt
00:01:04]} 29. a4 {[%clk 00:47:03]} {[%emt 00:00:45]} Qb7 {[%clk 00:05:01]}
{[%emt 00:04:45]} 30. e5 {[%clk 00:46:07]} {[%emt 00:01:26]} Qa6 {[%clk
00:04:44]} {[%emt 00:00:48]} 31. a5 {[%clk 00:45:45]} {[%emt 00:00:52]} d5
{[%clk 00:03:34]} {[%emt 00:01:41]} 32. Ne1 {[%clk 00:41:36]} {[%emt 00:04:37]}
Qc6 {[%clk 00:03:34]} {[%emt 00:00:31]} 33. Nf3 {[%clk 00:39:15]} {[%emt
00:02:50]} Na7 {[%clk 00:02:28]} {[%emt 00:01:37]} 34. Bc3 {[%clk 00:37:42]}
{[%emt 00:01:59]} Qb5 {[%clk 00:01:45]} {[%emt 00:01:16]} 35. Qb2 {[%clk
00:36:33]} {[%emt 00:01:38]} Qxb2 {[%clk 00:01:59]} {[%emt 00:00:17]} 36. Bxb2
{[%clk 00:36:48]} {[%emt 00:00:15]} Nc6 {[%clk 00:02:28]} {[%emt 00:00:01]} 37.
Bc3 {[%clk 00:36:58]} {[%emt 00:00:21]} Nxa5 {[%clk 00:02:56]} {[%emt
00:00:02]} 38. Bxa5 {[%clk 00:37:03]} {[%emt 00:00:25]} Rxa5 {[%clk 00:03:24]}
{[%emt 00:00:02]} 39. Kf1 {[%clk 00:37:16]} {[%emt 00:00:15]} Ra2 {[%clk
00:03:52]} {[%emt 00:00:04]} 40. g3 {[%clk 00:36:50]} {[%emt 00:00:55]} h6
{[%clk 00:04:21]} {[%emt 00:00:01]} 41. Kg2 {[%clk 00:37:12]} {[%emt 00:00:09]}
Kf8 {[%clk 00:04:50]} 42. Ne1 {[%clk 00:37:10]} {[%emt 00:00:30]} Rd2 {[%clk
00:04:43]} {[%emt 00:00:39]} 43. Nf3 {[%clk 00:37:17]} {[%emt 00:00:23]} Rd1
{[%clk 00:05:11]} {[%emt 00:00:02]} 44. g4 {[%clk 00:37:20]} {[%emt 00:00:25]}
g6 {[%clk 00:05:26]} {[%emt 00:00:16]} 45. Kg3 {[%clk 00:37:33]} {[%emt
00:00:14]} Ke7 {[%clk 00:05:26]} {[%emt 00:00:33]} 46. Kf4 {[%clk 00:37:41]}
{[%emt 00:00:21]} Kd7 {[%clk 00:05:51]} {[%emt 00:00:06]} 47. Ke3 {[%clk
00:37:55]} {[%emt 00:00:15]} Kc6 {[%clk 00:06:18]} {[%emt 00:00:05]} 48. Ke2
{[%clk 00:38:12]} {[%emt 00:00:13]} Ra1 {[%clk 00:06:45]} {[%emt 00:00:02]} 49.
Kd2 {[%clk 00:38:10]} {[%emt 00:00:32]} Kb5 {[%clk 00:07:12]} {[%emt 00:00:03]}
50. Ke2 {[%clk 00:38:09]} {[%emt 00:00:30]} Ra2+ {[%clk 00:07:24]} {[%emt
00:00:19]} 51. Ke1 {[%clk 00:37:31]} {[%emt 00:01:04]} Kc4 {[%clk 00:07:39]}
{[%emt 00:00:18]} 52. Kf1 {[%clk 00:37:46]} {[%emt 00:00:15]} Ra3 {[%clk
00:07:52]} {[%emt 00:00:18]} 53. Ne1 {[%clk 00:37:20]} {[%emt 00:00:56]} Ra1
{[%clk 00:08:19]} {[%emt 00:00:03]} 54. Ke2 {[%clk 00:37:07]} {[%emt 00:00:42]}
Rxe1+ {[%clk 00:08:47]} {[%emt 00:00:03]} 55. Kxe1 {[%clk 00:37:23]} {[%emt
00:00:08]} Kxd4 {[%clk 00:09:14]} {[%emt 00:00:09]} 56. Kd2 {[%clk 00:37:43]}
{[%emt 00:00:09]} Kxe5 {[%clk 00:09:40]} {[%emt 00:00:04]} 57. Ke3 {[%clk
00:38:02]} {[%emt 00:00:11]} d4+ {[%clk 00:10:07]} {[%emt 00:00:04]} 58. Kd3
{[%clk 00:38:22]} {[%emt 00:00:09]} Kd5 {[%clk 00:10:27]} {[%emt 00:00:11]} 59.
f4 {[%clk 00:38:41]} {[%emt 00:00:11]} e5 {[%clk 00:10:55]} {[%emt 00:00:02]}
60. fxe5 {[%clk 00:38:31]} {[%emt 00:00:39]} Kxe5 0-1

[Event "DEM U14 2024"]
[Site "Willingen GER"]
[Date "2024.05.20"]
[Round "3"]
[White "Sickmann, Lisa"]
[Black "Mukazhanov, Mansur"]
[Result "0-1"]
[Termination "normal"]
[Board "13"]
[WhiteTitle "WFM"]
[WhiteElo "1980"]
[BlackElo "1919"]
[WhiteClock "00:48:45"]
[BlackClock "00:56:17"]
[PlyCount "48"]
[WhiteFideId "16267818"]
[BlackFideId "13752324"]
[EventCountry "GER"]
[EventRounds "9"]
[EventType "swiss"]
[EventDate "2024.05.18"]

1. e4 {[%clk 01:30:58]} {[%emt 00:00:01]} c5 {[%clk 01:30:55]} {[%emt
00:00:04]} 2. Nf3 {[%clk 01:31:25]} {[%emt 00:00:05]} Nc6 {[%clk 01:31:23]}
{[%emt 00:00:03]} 3. d4 {[%clk 01:31:51]} {[%emt 00:00:03]} cxd4 {[%clk
01:31:49]} {[%emt 00:00:04]} 4. Nxd4 {[%clk 01:32:18]} {[%emt 00:00:03]} Nf6
{[%clk 01:32:13]} {[%emt 00:00:05]} 5. Nc3 {[%clk 01:32:13]} {[%emt 00:00:36]}
g6 {[%clk 01:32:37]} {[%emt 00:00:05]} 6. Be3 {[%clk 01:32:00]} {[%emt
00:00:43]} Bg7 {[%clk 01:32:58]} {[%emt 00:00:10]} 7. f3 {[%clk 01:30:34]}
{[%emt 00:01:56]} O-O {[%clk 01:33:06]} {[%emt 00:00:21]} 8. Qd2 {[%clk
01:30:32]} {[%emt 00:00:32]} d5 {[%clk 01:33:23]} {[%emt 00:00:14]} 9. exd5
{[%clk 01:28:43]} {[%emt 00:02:19]} Nxd5 {[%clk 01:33:14]} {[%emt 00:00:38]}
10. Nxc6 {[%clk 01:26:31]} {[%emt 00:02:42]} bxc6 {[%clk 01:33:36]} {[%emt
00:00:08]} 11. Bd4 {[%clk 01:26:37]} {[%emt 00:00:24]} Bxd4 {[%clk 01:15:27]}
{[%emt 00:18:40]} 12. Qxd4 {[%clk 01:26:20]} {[%emt 00:00:46]} e5 {[%clk
01:14:23]} {[%emt 00:01:34]} 13. Qd2 {[%clk 01:21:49]} {[%emt 00:05:01]} Nxc3
{[%clk 01:14:08]} {[%emt 00:00:46]} 14. Qxc3 {[%clk 01:21:17]} {[%emt
00:01:01]} e4 {[%clk 01:14:10]} {[%emt 00:00:29]} 15. Qd2 {[%clk 01:09:08]}
{[%emt 00:12:38]} Qh4+ {[%clk 01:09:22]} {[%emt 00:05:17]} 16. Qf2 {[%clk
01:03:28]} {[%emt 00:06:11]} Qf4 {[%clk 00:57:13]} {[%emt 00:12:39]} 17. g3
{[%clk 01:02:57]} {[%emt 00:01:01]} Qe5 {[%clk 00:57:27]} {[%emt 00:00:16]} 18.
O-O-O {[%clk 01:03:00]} {[%emt 00:00:27]} e3 {[%clk 00:57:23]} {[%emt
00:00:34]} 19. Qe2 {[%clk 01:00:31]} {[%emt 00:02:56]} Rb8 {[%clk 00:57:44]}
{[%emt 00:00:12]} 20. c3 {[%clk 01:00:46]} {[%emt 00:00:15]} Bf5 {[%clk
00:58:04]} {[%emt 00:00:09]} 21. Qc4 {[%clk 00:57:23]} {[%emt 00:03:54]} Rfd8
{[%clk 00:56:18]} {[%emt 00:02:15]} 22. Be2 {[%clk 00:54:52]} {[%emt 00:03:02]}
Rd2 {[%clk 00:56:23]} {[%emt 00:00:25]} 23. Rxd2 {[%clk 00:49:22]} {[%emt
00:06:01]} exd2+ {[%clk 00:56:41]} {[%emt 00:00:11]} 24. Kd1 {[%clk 00:48:45]}
{[%emt 00:01:07]} Rxb2 {[%clk 00:56:17]} {[%emt 00:00:54]} 0-1

[Event "DEM U14 2024"]
[Site "Willingen GER"]
[Date "2024.05.20"]
[Round "3"]
[White "Yasmo, Daniil"]
[Black "Savchuk, Alexander"]
[Result "1-0"]
[Termination "normal"]
[Board "14"]
[WhiteElo "2067"]
[BlackElo "1865"]
[WhiteClock "00:55:12"]
[BlackClock "00:13:52"]
[PlyCount "61"]
[WhiteFideId "14199165"]
[BlackFideId "34617434"]
[EventCountry "GER"]
[EventRounds "9"]
[EventType "swiss"]
[EventDate "2024.05.18"]

1. e4 {[%clk 01:30:57]} {[%emt 00:00:04]} c5 {[%clk 01:30:56]} {[%emt
00:00:34]} 2. Nf3 {[%clk 01:31:20]} {[%emt 00:00:07]} d6 {[%clk 01:31:21]}
{[%emt 00:00:05]} 3. d4 {[%clk 01:31:46]} {[%emt 00:00:03]} cxd4 {[%clk
01:31:48]} {[%emt 00:00:04]} 4. Nxd4 {[%clk 01:32:13]} {[%emt 00:00:03]} Nf6
{[%clk 01:32:00]} {[%emt 00:00:17]} 5. Nc3 {[%clk 01:32:38]} {[%emt 00:00:06]}
g6 {[%clk 01:32:11]} {[%emt 00:00:18]} 6. Be3 {[%clk 01:33:02]} {[%emt
00:00:07]} Bg7 {[%clk 01:32:35]} {[%emt 00:00:06]} 7. f3 {[%clk 01:33:26]}
{[%emt 00:00:06]} O-O {[%clk 01:32:39]} {[%emt 00:00:26]} 8. Qd2 {[%clk
01:33:49]} {[%emt 00:00:07]} Nc6 {[%clk 01:32:18]} {[%emt 00:00:51]} 9. Bc4
{[%clk 01:33:54]} {[%emt 00:00:24]} Nxd4 {[%clk 01:31:56]} {[%emt 00:00:53]}
10. Bxd4 {[%clk 01:34:19]} {[%emt 00:00:05]} Be6 {[%clk 01:32:17]} {[%emt
00:00:09]} 11. Bxe6 {[%clk 01:34:44]} {[%emt 00:00:05]} fxe6 {[%clk 01:32:39]}
{[%emt 00:00:08]} 12. O-O-O {[%clk 01:35:03]} {[%emt 00:00:11]} Qa5 {[%clk
01:30:16]} {[%emt 00:02:53]} 13. Kb1 {[%clk 01:33:57]} {[%emt 00:01:36]} Nd7
{[%clk 01:26:59]} {[%emt 00:03:47]} 14. Bxg7 {[%clk 01:32:02]} {[%emt
00:02:25]} Kxg7 {[%clk 01:27:26]} {[%emt 00:00:02]} 15. h4 {[%clk 01:32:25]}
{[%emt 00:00:07]} h6 {[%clk 00:54:59]} {[%emt 00:32:57]} 16. f4 {[%clk
01:27:52]} {[%emt 00:05:04]} b5 {[%clk 00:46:56]} {[%emt 00:08:33]} 17. g4
{[%clk 01:24:43]} {[%emt 00:03:39]} b4 {[%clk 00:43:40]} {[%emt 00:03:47]} 18.
Ne2 {[%clk 01:24:51]} {[%emt 00:00:21]} e5 {[%clk 00:37:57]} {[%emt 00:06:13]}
19. h5 {[%clk 01:21:20]} {[%emt 00:04:01]} exf4 {[%clk 00:31:21]} {[%emt
00:07:06]} 20. Nxf4 {[%clk 01:20:26]} {[%emt 00:01:24]} Rxf4 {[%clk 00:31:36]}
{[%emt 00:00:15]} 21. Qxf4 {[%clk 01:20:31]} {[%emt 00:00:25]} g5 {[%clk
00:31:58]} {[%emt 00:00:08]} 22. Qe3 {[%clk 01:13:52]} {[%emt 00:07:08]} Nf6
{[%clk 00:24:23]} {[%emt 00:08:05]} 23. Qd4 {[%clk 01:11:10]} {[%emt 00:03:12]}
Rc8 {[%clk 00:23:31]} {[%emt 00:01:23]} 24. Rhg1 {[%clk 01:01:00]} {[%emt
00:10:39]} Qc5 {[%clk 00:22:52]} {[%emt 00:01:09]} 25. Qd3 {[%clk 01:00:54]}
{[%emt 00:00:36]} Qc4 {[%clk 00:22:50]} {[%emt 00:00:32]} 26. e5 {[%clk
01:00:42]} {[%emt 00:00:42]} Ne4 {[%clk 00:22:22]} {[%emt 00:00:57]} 27. exd6
{[%clk 00:57:48]} {[%emt 00:03:25]} exd6 {[%clk 00:19:35]} {[%emt 00:03:18]}
28. Rge1 {[%clk 00:56:59]} {[%emt 00:01:19]} Qxd3 {[%clk 00:16:08]} {[%emt
00:03:57]} 29. Rxd3 {[%clk 00:56:53]} {[%emt 00:00:36]} Re8 {[%clk 00:15:36]}
{[%emt 00:01:02]} 30. Kc1 {[%clk 00:56:13]} {[%emt 00:01:10]} Kf6 {[%clk
00:13:52]} {[%emt 00:02:15]} 31. Rd4 {[%clk 00:55:12]} {[%emt 00:01:30]} 1-0